Quiz Culture Générale #3 - Statistiques

Statistiques générales
  • Ce quiz a été pris 130 fois
  • Le résultat moyen est 6 sur 15
Statistiques - réponses
Question Réponse % Correct
D'où vient le nom "Poubelle" D'un préfet de Paris
78%
Quel produit est interdit en Amérique ? Les Kinders surprises
78%
Quel est le plus grand organe du corps humain ? La peau
64%
Combien de temps à duré la guerre la plus courte de l'histoire ? 38 minutes
56%
Qu'est-ce que l'hippopotomonstrosesquipedaliophobie ? La peur des mots longs
47%
Quel est le pourcentage d'oxygène que consomme le cerveau ? 20
42%
Quelle est la devise de Toulouse ? Tolosa palladia
39%
En quelle année la télévision est arrivée au Bhoutan ? 1999
36%
La première bombe qui est tombé sur Berlin pendant la deuxième guerre mondiale a tué quoi ? 1 éléphant
25%
Quelle information sur Jacques Chirac est fausse ? Il a travaillait en temps que serrurier quand il était étudiant
25%
Le bébé du Kangourou s'appelle Joey
22%
Quelle comédienne n'a pas fait la voix française de Ginny Weasley ? Céline Mauge
19%
Quel acte immonde à fait Arthur Rimbaud ? Il a empoisonné des chiens
19%
Quelle info est VRAIE sur le drapeau Canadien ? Il a été dessiné par un enfant de 13 ans
19%
Que veut dire Koala en langue aborigène ? Pas d'eau
3%
Aucun quiz correspondant
Distribution des résultats
% des personnes avec chaque résultat
Percentile par nombre de réponses
Votre historique - résultats
Vous n’avez pas pris ce quiz